1151 1787 1130 1944 1272 1092 1697 1078 1046 1152 1539 1417 1016 1108 1149 1540 1461 1438 1386 1284 1914 1380 1059 1013 1667 1637 1043 1451 1102 1317 1281 1553 1184 1334 1373 1229 1996 1897 1066 1160 1076 1939 1851 1180 1950 1206 1355 1974 1751 1109 1927 1409 1948 1978 1216 1748 1935 1412 1075 1740 1089 1257 1705 1984 1539 1578 1432 1388 1293 1394 1503 1802 1829 1224 1806 1930 1909 1339 1417 1067 1416 1422 1633 1228 1175 1435 1765 1116 1450 1497 1304 1150 1614 1825 1813 1988 1538 1077 1220 BCNSPRNW ULIB Ver.6.0+V

เปลี่ยนเป็นภาษาไทย

Change to English
 แสดงรายละเอียดบรรณานุกรม
  กลับหน้าหลัก

Brief Record : Get Marc (ISO 2709) : E-mail record : QR code < ปิดหน้าต่าง
LEADER : 00000nam 2200000uu 4500
001    13399124237
003     ULIB
008    020711s2013 th a 000 0 eng d
020    9781451146653
060  4 WY161^bJ33S
100    Janice L. Hinkle.
245    Brunner & Suddarth s Textbook of Medical-Surgical Nursing./^c Janice L. Hinkle., Kerry H. Cheever.
250    13rd ed
260    London :^bLippincott Williams & Wilkins.,^c2013
300    2288 pages;^b287.5 cm
650    Surgical^xNursing
700    Kerry H. Cheever.
945    ^p0^l0^i039066
945    ^p0^l0^i039771
999    ^aทศพร
รายการนี้ยังไม่มีแท็ก
คุณยังไม่ได้ล็อกอิน คุณสามารถมีกิจกรรมร่วมกับเว็บไซต์ได้ แต่ต้องล็อกอินก่อน ::
  ล็อกอิน

รายการสื่อสารสนเทศ

ลำดับที่ ประเภท เลขเรียก/บาร์โค้ด สถานที่ สถานะ
1. Book การพยาบาล
Book การพยาบาล
WY161 J33S ฉ.1 
  Barcode: 039066
ห้องสมุดวิทยาเขตสวรรค์ประชารักษ์
►หนังสือทั่วไป
บนชั้น
2. Book การพยาบาล
Book การพยาบาล
WY161 J33S ฉ.2 
  Barcode: 039771
ห้องสมุดวิทยาเขตสวรรค์ประชารักษ์
►หนังสือทั่วไป
บนชั้น

รายการใกล้เคียง
    ผู้แต่ง [Janice L. Hinkle.]

    หัวเรื่อง [Surgical Nursing]

BibComment


ยังไม่เคยถูกคอมเมนท์

คอมเมนท์ทรัพยากรรายการนี้
  คอมเมนท์: Brunner Suddarth..


 Copyright 2026. Bcnsprnw @Library